The marriage of Figaro: le nozze di Figaro, complete score
Αποθηκεύτηκε σε:
| Μορφή: | Βιβλίο |
|---|---|
| Γλώσσα: | Αγγλικά |
| Έκδοση: |
Nueva York
Dover
1979
|
| Θέματα: | |
| Ετικέτες: |
Προσθήκη ετικέτας
Δεν υπάρχουν, Καταχωρήστε ετικέτα πρώτοι!
|
MARC
| LEADER | 00000nam a2200000 a 4500 | ||
|---|---|---|---|
| 001 | UCL0422 | ||
| 003 | CL-VaPUC | ||
| 005 | 20231110111351.0 | ||
| 008 | 030711e19790000US |||||||||||||||||eng|d | ||
| 999 | |c 304294 |d 304292 | ||
| 020 | |a 0486237516 | ||
| 040 | |c Pontificia Universidad Católica de Valparaíso | ||
| 082 | 0 | 4 | |a Op782.1 MOZ 1979 |2 21 |
| 245 | 1 | 4 | |a The marriage of Figaro: le nozze di Figaro, complete score |
| 260 | |a Nueva York |b Dover |c 1979 | ||
| 300 | |a 435 p | ||
| 583 | |a last modification |c 20030711 00:00:00 |k Rodrigo Vera | ||
| 650 | 0 | |a Ópera |2 CL-VaPUC |9 306284 | |
| 650 | 0 | |a Partituras |9 324008 | |
| 650 | 0 | |a Música austríaca |2 CL-VaPUC |9 422675 | |
| 942 | |c BK |2 ddc | ||
| 945 | |d 20030711 00:00:00 |a cmena | ||
| 952 | |0 0 |1 0 |2 ddc |4 0 |6 OP_782_100000000000000_MOZ_1979 |7 0 |8 A |9 366283 |a BIBEDU |b BIBEDU |d 2019-11-21 |i 3904709 |l 1 |o Op782.1 MOZ 1979 |p 3904709 |r 2023-11-22 |s 2022-08-26 |w 2019-11-21 |y PA |k MUS | ||